[Event "URS-chT Republics 13th Group2"]
[Site "Riga"]
[Date "1975.07.??"]
[Round "2"]
[White "Krogius, Nikolai V"]
[Black "Tseitlin, Mark D"]
[Result "1-0"]
[WhiteElo "2570"]
[BlackElo "2410"]
[PlyCount "110"]
[EventDate "1975.07.15"]
[EventType "team-tourn"]
[EventRounds "5"]
[EventCountry "URS"]
[SourceTitle "EXT 2020"]
[Source "ChessBase"]
[SourceDate "2019.10.17"]
[SourceVersion "1"]
[SourceVersionDate "2019.10.17"]
[SourceQuality "1"]
[WhiteTeam "Russia"]
[BlackTeam "Leningrad"]
[WhiteTeamCountry "RUS"]
[BlackTeamCountry "RUS"]

1. Nf3 Nf6 2. c4 g6 3. g3 Bg7 4. Bg2 O-O 5. O-O c6 6. d4 d5 7. cxd5 cxd5 8. Nc3
Ne4 9. Ne5 Nxc3 10. bxc3 Nc6 11. Nxc6 bxc6 12. Qa4 Qb6 13. Ba3 Qa6 14. Qxa6
Bxa6 15. Rfe1 Rfe8 16. Rab1 Bc4 17. Rb2 e5 18. Bc5 Rab8 19. Rxb8 Rxb8 20. Bxa7
Ra8 21. Bc5 e4 22. Ra1 Bxe2 23. a4 Bf8 24. Bb6 Be7 25. Bf1 Bxf1 26. Kxf1 Bd8
27. Bxd8 Rxd8 28. a5 Ra8 29. a6 Kf8 30. Ke2 Ke7 31. c4 Kd6 32. c5+ Kc7 33. Ke3
f6 34. Kf4 Kd7 35. g4 Ra7 36. h4 Ke6 37. g5 Kf7 38. gxf6 Kxf6 39. Rb1 Rxa6 40.
Rb6 Ra2 41. Rxc6+ Kf7 42. Ke5 Rxf2 43. Rc7+ Ke8 44. Ke6 Kd8 45. Rd7+ Kc8 46.
Rxh7 e3 47. Re7 Kd8 48. c6 Rc2 49. Rd7+ Ke8 50. Kd6 Kf8 51. Ra7 e2 52. Ra1 Ra2
53. Rc1 Ke8 54. c7 Ra6+ 55. Kxd5 Ra5+ 1-0

[Event "Chigorin Memorial-12"]
[Site "Sochi"]
[Date "1977.??.??"]
[Round "3"]
[White "Ftacnik, Lubomir"]
[Black "Krogius, Nikolai V"]
[Result "0-1"]
[WhiteElo "2360"]
[BlackElo "2545"]
[PlyCount "76"]
[EventDate "1977.08.31"]
[EventType "tourn"]
[EventRounds "15"]
[EventCountry "URS"]
[EventCategory "10"]
[SourceTitle "EXT 1999"]
[Source "ChessBase"]
[SourceDate "1998.11.16"]
[SourceVersion "1"]
[SourceVersionDate "1998.11.16"]
[SourceQuality "1"]

1. c4 Nf6 2. Nc3 e6 3. Nf3 d5 4. d4 Be7 5. Bg5 h6 6. Bh4 O-O 7. e3 b6 8. Be2
Bb7 9. Bxf6 Bxf6 10. cxd5 exd5 11. Qb3 c6 12. O-O Nd7 13. Rfe1 Be7 14. Rad1 Qc7
15. Rc1 Nf6 16. Ne5 Qd6 17. f4 Nd7 18. Bd3 Nxe5 19. fxe5 Qd7 20. Ne2 f6 21.
exf6 Rxf6 22. Bb1 Qg4 23. Qd3 g6 24. Nf4 Kg7 25. Nxd5 cxd5 26. Rc7 Rf7 27. Rxb7
Raf8 28. Rxa7 h5 29. Rc7 h4 30. a3 h3 31. Rc2 Bd6 32. Qe2 Qh4 33. gxh3 Bxh2+
34. Kh1 Bg3 35. Rc6 Qxh3+ 36. Kg1 Bh2+ 37. Kh1 Bf4+ 38. Kg1 Bxe3+ 0-1

[Event "Chigorin Memorial-12"]
[Site "Sochi"]
[Date "1977.??.??"]
[Round "11"]
[White "Krogius, Nikolai V"]
[Black "Durao, Joaquim Manuel"]
[Result "1-0"]
[WhiteElo "2545"]
[BlackElo "2305"]
[PlyCount "57"]
[EventDate "1977.08.31"]
[EventType "tourn"]
[EventRounds "15"]
[EventCountry "URS"]
[EventCategory "10"]
[SourceTitle "EXT 1999"]
[Source "ChessBase"]
[SourceDate "1998.11.16"]
[SourceVersion "1"]
[SourceVersionDate "1998.11.16"]
[SourceQuality "1"]

1. Nf3 Nf6 2. c4 g6 3. g3 Bg7 4. Bg2 d6 5. d4 O-O 6. O-O Nc6 7. Nc3 e5 8. d5
Ne7 9. c5 Ne8 10. cxd6 Nxd6 11. e4 h6 12. Re1 c6 13. b3 cxd5 14. Nxd5 Nxd5 15.
Qxd5 Be6 16. Qd2 Qb6 17. Bb2 Rfd8 18. Qe2 f6 19. Red1 a5 20. Bf1 a4 21. Nd2
axb3 22. axb3 Rxa1 23. Rxa1 h5 24. Bc3 Rc8 25. Qd3 Nb5 26. Bxe5 fxe5 27. Qxb5
Qd4 28. Ra2 Rc1 29. Qe8+ 1-0

[Event "Beijing op"]
[Site "Beijing"]
[Date "1991.??.??"]
[Round "8"]
[White "Krogius, Nikolai V"]
[Black "Lkhagva, Jambaldoo"]
[Result "1-0"]
[WhiteElo "2535"]
[BlackElo "2335"]
[PlyCount "93"]
[EventDate "1991.03.??"]
[EventType "swiss"]
[EventRounds "10"]
[EventCountry "CHN"]
[SourceTitle "EXT 2000"]
[Source "ChessBase"]
[SourceDate "1999.11.16"]
[SourceVersion "1"]
[SourceVersionDate "1999.11.16"]
[SourceQuality "1"]

1. c4 Nf6 2. Nc3 e5 3. Nf3 Nc6 4. g3 Bb4 5. Bg2 O-O 6. O-O Re8 7. d3 d6 8. Nd5
Nxd5 9. cxd5 Ne7 10. e4 c6 11. d4 cxd5 12. dxe5 dxe4 13. Ng5 d5 14. Qh5 Bf5 15.
Qxf7+ Kh8 16. Be3 Bg6 17. Rad1 Rf8 18. Qe6 Qe8 19. Qh3 Rc8 20. g4 Nc6 21. Rxd5
Nxe5 22. Nxe4 Nc4 23. Rd4 Ba5 24. Rxc4 Rxc4 25. Nd6 Qe6 26. Nxc4 Qxc4 27. b3
Qc2 28. Qh4 Bd8 29. g5 Qxa2 30. Qb4 Re8 31. Qxb7 Qa5 32. b4 Qe5 33. Qxa7 Bc7
34. Rd1 Qxh2+ 35. Kf1 Bh5 36. Rd7 Bb8 37. Qd4 Be5 38. Qd5 Bg6 39. Rd8 Bc7 40.
Rxe8+ Bxe8 41. b5 Qh5 42. Bf3 Qh3+ 43. Ke1 h5 44. gxh6 Bxb5 45. hxg7+ Kxg7 46.
Qg5+ Kf7 47. Bh5+ 1-0

[Event "Buenos Aires Inauguracio op"]
[Site "Buenos Aires"]
[Date "1992.??.??"]
[Round "?"]
[White "Giaccio, Alfredo Gustavo"]
[Black "Krogius, Nikolai V"]
[Result "0-1"]
[WhiteElo "2370"]
[BlackElo "2500"]
[PlyCount "74"]
[EventDate "1992.05.??"]
[EventType "swiss"]
[EventRounds "7"]
[EventCountry "ARG"]
[SourceTitle "EXT 1997"]
[Source "ChessBase"]
[SourceDate "1996.11.15"]
[SourceVersion "1"]
[SourceVersionDate "1996.11.15"]
[SourceQuality "1"]

1. e4 e5 2. Nf3 Nc6 3. d4 exd4 4. Nxd4 Bc5 5. Be3 Qf6 6. c3 Nge7 7. Bc4 O-O 8.
O-O Qg6 9. Nd2 Ne5 10. Nf5 Nxf5 11. Bxc5 Nh4 12. g3 d6 13. Bd4 Nxc4 14. Nxc4 c5
15. Be3 Qxe4 16. gxh4 Bh3 17. f3 Qxc4 18. Re1 Rad8 19. Qd2 b6 20. b3 Qa6 21.
Bg5 Rd7 22. Be7 Rc8 23. Qg5 Qd3 24. Qg3 Qg6 25. Rad1 d5 26. Bg5 Be6 27. Re2 d4
28. Red2 d3 29. c4 Bf5 30. Re1 f6 31. Bf4 Qh5 32. Rg2 Re8 33. Bh6 Rxe1+ 34.
Qxe1 Kf8 35. Bf4 Qxf3 36. Rf2 Qg4+ 37. Bg3 Rd4 0-1

[Event "Calimanesti"]
[Site "Calimanesti"]
[Date "1993.??.??"]
[Round "?"]
[White "Krogius, Nikolai V"]
[Black "Shvedchikov, Anatoli I"]
[Result "1-0"]
[WhiteElo "2465"]
[BlackElo "2465"]
[PlyCount "45"]
[EventDate "1993.??.??"]
[EventType "tourn"]
[EventRounds "11"]
[EventCountry "ESP"]
[SourceTitle "EXT 2010"]
[Source "ChessBase"]
[SourceDate "2010.11.25"]
[SourceVersion "1"]
[SourceVersionDate "2010.11.25"]
[SourceQuality "1"]

1. d4 d5 2. c4 c6 3. Nf3 Nf6 4. Nc3 e6 5. e3 Nbd7 6. Bd3 dxc4 7. Bxc4 b5 8. Be2
a6 9. e4 b4 10. e5 bxc3 11. exf6 cxb2 12. fxg7 bxa1=Q 13. gxh8=Q Qa5+ 14. Nd2
Bb7 15. O-O Q1xa2 16. Nc4 Qd5 17. Bh6 O-O-O 18. Bxf8 c5 19. Nd6+ Qxd6 20. Bxd6
Rxh8 21. dxc5 Qd5 22. Qxd5 exd5 23. Rc1 1-0

[Event "San Martin"]
[Site "San Martin"]
[Date "1993.??.??"]
[Round "5"]
[White "Krogius, Nikolai V"]
[Black "Schweber, Samuel"]
[Result "1-0"]
[WhiteElo "2465"]
[BlackElo "2350"]
[PlyCount "194"]
[EventDate "1993.05.??"]
[EventType "tourn"]
[EventRounds "11"]
[EventCountry "ARG"]
[EventCategory "8"]
[SourceTitle "CBM 037 Extra"]
[Source "ChessBase"]
[SourceDate "1994.01.01"]
[SourceVersion "1"]
[SourceVersionDate "1994.01.01"]
[SourceQuality "1"]

1. e4 e6 2. d4 d5 3. Nd2 Nf6 4. e5 Nfd7 5. Bd3 c5 6. c3 Nc6 7. Ne2 cxd4 8. cxd4
Qb6 9. Nf3 f6 10. exf6 Nxf6 11. O-O Bd6 12. Bf4 Bxf4 13. Nxf4 O-O 14. Qd2 Qc7
15. g3 e5 16. dxe5 Nxe5 17. Nxe5 Qxe5 18. Rfe1 Qd6 19. Rad1 Rd8 20. Nxd5 Bg4
21. Be2 Bxe2 22. Nxf6+ Qxf6 23. Qxe2 h6 24. b3 Kh8 25. h4 Rf8 26. Rd2 Qc6 27.
Rc2 Qf6 28. Qe7 Qf3 29. Qe4 Qf7 30. Rce2 b6 31. Qe5 Qf3 32. Qb2 Rf7 33. Re3 Qf5
34. Re5 Qf3 35. Re8+ Rxe8 36. Rxe8+ Rf8 37. Qe2 Qf6 38. Re6 Qf5 39. Re5 Qf6 40.
Re4 Qc6 41. Re7 Qc1+ 42. Qe1 Qa3 43. Re2 Qc5 44. Qd2 Qf5 45. Qd4 Qf7 46. Qe4
Qf6 47. Qb7 Qd4 48. Kg2 Qd3 49. Qe4 Qd7 50. Rc2 Qf7 51. Rd2 Qf6 52. Qd5 Qc3 53.
a4 Qf6 54. b4 Qc3 55. b5 Qf6 56. Qe4 Qf7 57. Qe3 Qb7+ 58. Kg1 Qf7 59. Rd4 Re8
60. Re4 Rxe4 61. Qxe4 Qd7 62. Kg2 Qf7 63. Kf1 Kg8 64. Ke2 Qa2+ 65. Ke3 Qb3+ 66.
Ke2 Qa2+ 67. Kf3 Qf7+ 68. Kg2 Kf8 69. g4 Kg8 70. g5 hxg5 71. hxg5 g6 72. f3 Kh7
73. Kf2 Qa2+ 74. Kg3 Qf7 75. Qc6 Kg8 76. f4 Kh7 77. Kf3 Qb3+ 78. Ke4 Qb1+ 79.
Kd4 Qb4+ 80. Ke5 Qe7+ 81. Qe6 Qc7+ 82. Qd6 Qf7 83. Qf6 Qd7 84. Qf8 Qc7+ 85. Ke6
Qc4+ 86. Kd7 Qxa4 87. Qh6+ Kg8 88. Qxg6+ Kh8 89. Qf6+ Kg8 90. Qe6+ Kg7 91. Qf6+
Kg8 92. Qe6+ Kg7 93. Qe5+ Kg6 94. Ke7 a6 95. f5+ Kh5 96. g6 Qb4+ 97. Kf7 axb5
1-0

[Event "San Martin"]
[Site "San Martin"]
[Date "1993.??.??"]
[Round "7"]
[White "Rodriguez Vila, Andres"]
[Black "Krogius, Nikolai V"]
[Result "0-1"]
[WhiteElo "2405"]
[BlackElo "2465"]
[PlyCount "76"]
[EventDate "1993.05.??"]
[EventType "tourn"]
[EventRounds "11"]
[EventCountry "ARG"]
[EventCategory "8"]
[SourceTitle "CBM 037 Extra"]
[Source "ChessBase"]
[SourceDate "1994.01.01"]
[SourceVersion "1"]
[SourceVersionDate "1994.01.01"]
[SourceQuality "1"]

1. e4 e5 2. Nf3 Nc6 3. Bb5 a6 4. Ba4 Nf6 5. d4 exd4 6. O-O Be7 7. Re1 O-O 8. e5
Ne8 9. Bf4 b5 10. Bb3 d5 11. c3 Na5 12. cxd4 Nxb3 13. Qxb3 Be6 14. Rc1 f6 15.
a4 b4 16. a5 g5 17. exf6 Bxf6 18. Qe3 gxf4 19. Qxe6+ Kh8 20. Nbd2 Nd6 21. Qxd5
Nb5 22. Qc4 Nxd4 23. Rab1 c5 24. Ne4 Nxf3+ 25. gxf3 Bd4 26. Kh1 Qxa5 27. Rg1
Qc7 28. Rbd1 Rad8 29. Ng5 Qb7 30. Rxd4 cxd4 31. Qc5 d3 32. Qe5+ Qg7 33. Qxg7+
Kxg7 34. Ne6+ Kf6 35. Nxf8 Rxf8 36. Rd1 Rd8 37. Kg1 d2 38. Kf1 a5 0-1

[Event "Wch Seniors 03rd"]
[Site "Bad Wildbad"]
[Date "1993.??.??"]
[Round "11"]
[White "Vatnikov, Josif E"]
[Black "Krogius, Nikolai V"]
[Result "0-1"]
[WhiteElo "2425"]
[BlackElo "2465"]
[PlyCount "126"]
[EventDate "1993.11.??"]
[EventType "swiss"]
[EventRounds "11"]
[EventCountry "GER"]
[SourceTitle "EXT 1997"]
[Source "ChessBase"]
[SourceDate "1996.11.15"]
[SourceVersion "1"]
[SourceVersionDate "1996.11.15"]
[SourceQuality "1"]

1. d4 Nf6 2. c4 e6 3. Nc3 Bb4 4. Qc2 O-O 5. Bg5 b6 6. e4 h6 7. Bh4 Nc6 8. Nge2
e5 9. dxe5 Nxe5 10. a3 Be7 11. Nd4 Bb7 12. Nf5 Ng6 13. Bg3 Re8 14. f3 Bf8 15.
O-O-O Nh5 16. Bf2 Bc5 17. Kb1 Bxf2 18. Qxf2 d6 19. Nd5 Nhf4 20. g3 Ne6 21. h4
Ne5 22. Be2 Nc5 23. Qd4 f6 24. Rhe1 Kh7 25. h5 Bc8 26. Nde3 Bxf5 27. Nxf5 Qd7
28. Qc3 a5 29. Rd2 Rab8 30. Bf1 Qf7 31. g4 Nc6 32. Be2 Kg8 33. Ne3 Kh8 34. Nd5
Rbc8 35. Bd1 Ne7 36. Ne3 Ra8 37. Bc2 Nc6 38. Nd5 a4 39. Rde2 Rac8 40. f4 Ne7
41. Nb4 Ra8 42. Re3 Nd7 43. Qd3 Nc5 44. Qe2 Ne6 45. Qf1 Nd4 46. Bd3 c5 47. Nc2
Nec6 48. e5 dxe5 49. Bg6 Qd7 50. Bxe8 Rxe8 51. fxe5 Nxe5 52. Re4 Nb3 53. Rd1
Nd2+ 54. Rxd2 Qxd2 55. Qe2 Rd8 56. Qxd2 Rxd2 57. Kc1 Rg2 58. Ne3 Re2 59. Kd1
Rxb2 60. Nd5 Rb3 61. Ke2 Kg8 62. Re3 Nxc4 63. Rxb3 axb3 0-1

[Event "St Petersburg op"]
[Site "St Petersburg"]
[Date "1994.??.??"]
[Round "7"]
[White "Krogius, Nikolai V"]
[Black "Yuferov, Sergey N"]
[Result "1-0"]
[WhiteElo "2480"]
[BlackElo "2475"]
[PlyCount "59"]
[EventDate "1994.02.??"]
[EventType "swiss"]
[EventRounds "9"]
[EventCountry "RUS"]
[SourceTitle "CBM 041"]
[Source "ChessBase"]
[SourceDate "1994.08.01"]
[SourceVersion "1"]
[SourceVersionDate "1994.08.01"]
[SourceQuality "1"]

1. d4 Nf6 2. c4 g6 3. Nf3 Bg7 4. g3 O-O 5. Bg2 d5 6. cxd5 Nxd5 7. O-O c5 8. e4
Nf6 9. e5 Nd5 10. dxc5 Na6 11. Qe2 Nxc5 12. Rd1 e6 13. Bg5 Qa5 14. Bd2 Qa4 15.
Nc3 Nxc3 16. Bxc3 b6 17. Nd4 Ba6 18. Qe3 Rac8 19. Bc6 Rxc6 20. b3 Qa3 21. Nxc6
Bb7 22. Bb4 Qa6 23. Rd6 Bxc6 24. Rxc6 Qb7 25. Bxc5 Re8 26. Rd6 bxc5 27. Rad1
Qc7 28. Qf4 Rf8 29. Rd7 Qa5 30. Qd2 1-0

[Event "St Petersburg Seniors"]
[Site "St Petersburg"]
[Date "1995.??.??"]
[Round "?"]
[White "Cherepkov, Alexander V"]
[Black "Krogius, Nikolai V"]
[Result "0-1"]
[WhiteElo "2415"]
[BlackElo "2485"]
[PlyCount "116"]
[EventDate "1995.??.??"]
[EventType "tourn"]
[EventRounds "7"]
[EventCountry "RUS"]
[EventCategory "9"]
[SourceTitle "EXT 1998"]
[Source "ChessBase"]
[SourceDate "1997.11.17"]
[SourceVersion "1"]
[SourceVersionDate "1997.11.17"]
[SourceQuality "1"]

1. d4 Nf6 2. c4 e6 3. Nc3 Bb4 4. e3 O-O 5. Bd3 d5 6. Nf3 c5 7. O-O Nc6 8. a3
Bxc3 9. bxc3 Qc7 10. Bb2 dxc4 11. Bxc4 e5 12. h3 Bf5 13. Qe2 Rfe8 14. Ba2 Be6
15. dxe5 Nxe5 16. c4 Ng6 17. Rac1 Bf5 18. Bxf6 gxf6 19. Bb1 Bxb1 20. Rxb1 b6
21. Rfd1 Rad8 22. Nh2 Rxd1+ 23. Rxd1 Rd8 24. Ng4 Rxd1+ 25. Qxd1 Kg7 26. f4 Qc6
27. Qd3 f5 28. Qc3+ f6 29. Nf2 a6 30. Nh1 Nh4 31. Qc2 b5 32. Qf2 Ng6 33. Ng3
Ne7 34. Qc2 b4 35. axb4 cxb4 36. c5 a5 37. Qc4 Qd5 38. Qxd5 Nxd5 39. Nxf5+ Kg6
40. Nd4 a4 41. Kf2 b3 42. Nb5 b2 43. Na3 Kf7 44. Ke2 Nc3+ 45. Kd3 b1=Q+ 46.
Nxb1 Nxb1 47. e4 a3 48. Kc2 Nd2 49. e5 fxe5 50. c6 Ke7 51. fxe5 Nc4 52. Kb3
Nxe5 53. c7 Kd7 54. Kxa3 Kxc7 55. Kb3 Kd6 56. Kc3 Kd5 57. Kd2 Ke4 58. Ke2 Kf4
0-1

[Event "St Petersburg Seniors"]
[Site "St Petersburg"]
[Date "1995.??.??"]
[Round "?"]
[White "Krogius, Nikolai V"]
[Black "Karasev, Vladimir I"]
[Result "1-0"]
[WhiteElo "2485"]
[BlackElo "2385"]
[PlyCount "101"]
[EventDate "1995.??.??"]
[EventType "tourn"]
[EventRounds "7"]
[EventCountry "RUS"]
[EventCategory "9"]
[SourceTitle "EXT 1998"]
[Source "ChessBase"]
[SourceDate "1997.11.17"]
[SourceVersion "1"]
[SourceVersionDate "1997.11.17"]
[SourceQuality "1"]

1. Nf3 Nf6 2. c4 d6 3. d4 Bg4 4. Nc3 e6 5. e4 Be7 6. Be2 O-O 7. O-O c6 8. Be3
d5 9. e5 Nfd7 10. Nd2 Bxe2 11. Qxe2 dxc4 12. Qg4 Kh8 13. Nxc4 Nb6 14. Nd2 Nd5
15. Nde4 Nd7 16. Nxd5 cxd5 17. Ng5 Bxg5 18. Bxg5 Qb6 19. b3 f6 20. exf6 Nxf6
21. Qh4 Ne4 22. Be3 Rf7 23. f3 Nd6 24. Qe1 Rc8 25. Bf2 Nf5 26. Qe5 Rfc7 27.
Rfe1 Rc6 28. h4 Qc7 29. g4 Ne7 30. h5 Qxe5 31. Rxe5 Rc1+ 32. Rxc1 Rxc1+ 33. Kg2
Rc6 34. Bh4 Nc8 35. f4 Kg8 36. f5 exf5 37. gxf5 Kf7 38. Rxd5 Rd6 39. Rc5 Nb6
40. Rc7+ Rd7 41. Rxd7+ Nxd7 42. Kf3 Ke8 43. Ke4 Nf8 44. Ke5 Kd7 45. d5 a6 46.
Be1 h6 47. Bh4 Nh7 48. d6 Ke8 49. Be7 Kf7 50. a4 a5 51. Kd5 1-0

[Event "Wch Seniors 06th"]
[Site "Bad Liebenzell"]
[Date "1996.??.??"]
[Round "5"]
[White "Katalymov, Boris N"]
[Black "Krogius, Nikolai V"]
[Result "0-1"]
[WhiteElo "2410"]
[BlackElo "2470"]
[PlyCount "164"]
[EventDate "1996.??.??"]
[EventType "swiss"]
[EventRounds "11"]
[EventCountry "GER"]
[SourceTitle "EXT 1998"]
[Source "ChessBase"]
[SourceDate "1997.11.17"]
[SourceVersion "1"]
[SourceVersionDate "1997.11.17"]
[SourceQuality "1"]

1. d4 Nf6 2. c4 e6 3. Nc3 d5 4. Bg5 Be7 5. e3 h6 6. Bh4 O-O 7. Qb3 c6 8. Nf3
Nbd7 9. Bd3 c5 10. O-O cxd4 11. exd4 dxc4 12. Bxc4 Nb6 13. Bd3 Bd7 14. Ne5 Bc6
15. Nxc6 bxc6 16. Rad1 Nh5 17. Bxe7 Qxe7 18. Rfe1 Nf6 19. Ne4 Rfd8 20. Bb1 Nxe4
21. Rxe4 Rac8 22. g3 Nd5 23. a3 Nf6 24. Re5 Rd5 25. Qa4 Qc7 26. Re3 Qb6 27. Ba2
Rd6 28. Rb3 Qc7 29. Rc1 Rb8 30. Kg2 Rb6 31. Rc4 Nd5 32. Rc2 Qb7 33. Rc5 Nc7 34.
Kg1 Rxb3 35. Bxb3 Nb5 36. d5 exd5 37. Bc2 Qb6 38. b4 Re6 39. Bd3 Nd4 40. Kg2
Rf6 41. Qa6 g6 42. Ra5 Nf3 43. Qxb6 axb6 44. Ra8+ Kg7 45. Be2 Nd4 46. Bd1 Re6
47. Kf1 b5 48. a4 bxa4 49. Bxa4 Kf6 50. Ra7 g5 51. h3 h5 52. Bd1 h4 53. gxh4
gxh4 54. Ra6 Ke5 55. Ra7 f5 56. Rh7 Re8 57. Rxh4 Rb8 58. Rh7 Rxb4 59. h4 Rb1
60. Ke1 Nf3+ 61. Ke2 Kf4 62. h5 d4 63. Ba4 c5 64. Rc7 Rb4 65. Bc6 Rb2+ 66. Kd1
Rxf2 67. h6 Rd2+ 68. Kc1 Rh2 69. Bxf3 Kxf3 70. Rxc5 Kg4 71. Rc6 Kg5 72. Rd6
Rxh6 73. Rxd4 Re6 74. Kd2 f4 75. Rd8 Kg4 76. Ra8 Kg3 77. Rg8+ Kf2 78. Rf8 f3
79. Kd3 Kg2 80. Rg8+ Kf1 81. Kd2 f2 82. Rd8 Rg6 0-1